Ortopedie pro studenty lékařských a zdravotnických fakult /

Hlavní autor: Gallo, Jiří, 1966-
Jazyk: Čeština
Vydáno: Olomouc : Univerzita Palackého v Olomouci, 2011
Vydání: 1. vyd.
Edice: Učebnice
Témata:
Externí odkaz: Digitalizovaný dokument
Fyzický popis: 211 s. : il. (některé barev.) ; 29 cm
Knihy
Uloženo v:
LEADER 02037cam a2200529 a 4500
001 nkc20112186260
003 CZ PrNK
005 20220107155140.0
007 ta
008 110415s2011 xr a e p 001 0 cze d
015 |a cnb002186260 
020 |a 978-80-244-2486-6  |q (brož.) 
035 |a (OCoLC)741403409 
040 |a OSA001  |b cze  |d ABA001 
072 7 |a 617  |x Ortopedie. Chirurgie. Oftalmologie  |2 Konspekt  |9 14 
072 7 |a 37.016  |x Učební osnovy. Vyučovací předměty. Učebnice  |2 Konspekt  |9 22 
080 |a 617.3  |2 MRF 
080 |a 616.7  |2 MRF 
080 |a 616-07  |2 MRF 
080 |a 616-08  |2 MRF 
080 |a (075.8)  |2 MRF 
100 1 |a Gallo, Jiří,  |d 1966-  |7 xx0019005  |4 aut 
245 1 0 |a Ortopedie pro studenty lékařských a zdravotnických fakult /  |c Jiří Gallo a kolektiv 
250 |a 1. vyd. 
260 |a Olomouc :  |b Univerzita Palackého v Olomouci,  |c 2011 
300 |a 211 s. :  |b il. (některé barev.) ;  |c 29 cm 
490 1 |a Učebnice 
500 |a Dotisk v roce 2014 
504 |a Obsahuje bibliografii a rejstřík 
650 0 7 |a ortopedie  |7 ph123825  |2 czenas 
650 0 7 |a nemoci pohybového ústrojí  |7 ph137090  |2 czenas 
650 0 7 |a diagnostika (lékařství)  |7 ph114312  |2 czenas 
650 0 7 |a terapie  |7 ph116435  |2 czenas 
650 0 9 |a orthopedics  |2 eczenas 
650 0 9 |a musculoskeletal diseases  |2 eczenas 
650 0 9 |a medical diagnostics  |2 eczenas 
650 0 9 |a therapy  |2 eczenas 
655 7 |a učebnice vysokých škol  |7 fd133772  |2 czenas 
655 9 |a textbooks (higher)  |2 eczenas 
810 2 |a Univerzita Palackého.  |t Učebnice  |0 s 
856 4 1 |u http://www.digitalniknihovna.cz/mzk/uuid/uuid:2f057300-fd2e-11e9-976e-005056827e51  |y Digitalizovaný dokument  |x NDK 
910 2 |a BOA001  |b 4-1267.756 
990 |a BK 
995 |a 01 
991 |b 201107  |c NOV  |j 617 GAL  |e n 
996 6 |b 2610482758  |c 4-1267.756  |l MZK  |r Sklad / do 1 hodiny  |n 20  |p p.v.  |w 001187271  |u 000010  |a 1  |e BOA001  |j MZK50  |s P 
996 7 |b 2610486431  |c 4-1267.756  |l Vol.výběr  |r VV 1p  |n 59  |p kup  |h 617 GAL  |w 001187271  |u 000020  |a 0  |e BOA001  |j MZK50  |s A